World Capitals by Satellite Image - Statistics

General Stats
  • This quiz has been taken 2,200 times
    1,786 since last reset
  • The average score is 9 of 15
Answer Stats
Picture Hint Answer % Correct
(Europe) Paris
93%
(Africa) Cairo
89%
(Europe) London
89%
(Europe) Amsterdam
81%
(Asia) Beijing
79%
(North America) Washington, D.C.
72%
(Asia) Tokyo
70%
(Europe) Rome/Vatican City
63%
(Asia) Abu Dhabi
60%
(Africa) Cape Town
57%
(Europe) Athens
43%
(Europe) Reykjavik
43%
(Asia) Ulan Bator
37%
(Asia) Singapore
32%
(Asia) Manila
24%
No matching quizzes found
Score Distribution
Percent of People with Each Score
Percentile by Number Answered
Your Score History
You have not taken this quiz since the last reset